| Record ID | talis_openlibrary_contribution/talis-openlibrary-contribution.mrc:2568140908:459 |
| Source | Talis |
| Download Link | /show-records/talis_openlibrary_contribution/talis-openlibrary-contribution.mrc:2568140908:459?format=raw |
LEADER: 00459cam a2200157 a 4500
001 3e29fe8ba84c4149a44e959b8fbd1b79
003 UK-BiTAL
005 20050705223132.0
008 901129r19691882xxu | 000 ||eng|d
035 $a() 72086166
040 $aBU$cBU$dUK-BiTAL
100 1 $aAlcott, Amos Bronson.
245 00 $aSonnets and canzonets.
260 $aNew York :$bAMS Press,$c1969.
300 $c22 cm.
500 $aFacsimile reprint of 1st ed., Boston: Roberts Brothers, 1882.